LEADER 01273nam a2200289 4500 001 000000366851 003 CaOOAMICUS 005 20260316103610.0 008 260316s2026 it 000 u ita r 020 $a979-12-81351-74-5 040 $aSeMil$bita 100 1 $aLombardi, Wanda.$0(OLS)http://semarc/name/118645 245 10$aAraba Fenice :$bantologia poetica /$cWanda Lombardi ; prefazioni di Enzo Concardi, Michele Miano, Raffaele Piazza. 264 1$aMilano :$bGuido Miano,$c2026. 300 $a103 p. ;$c21 cm 490 1 $aAnalisi poetica sovranazionale del terzo millennio 700 1 $aPiazza, Raffaele.$0(OLS)http://semarc/name/123924 700 1 $aMiano, Michele.$0(OLS)http://semarc/name/122410 700 1 $aConcardi, Enzo.$0(OLS)http://semarc/name/122408 830 0$aAnalisi poetica sovranazionale del terzo millennio.$0(OLS)http://semarc/title/432334 850 $aSeMil 852 $aSeMil$W1$xVenegono$y1$m1A I 173$j268748$B257693$CSeMilBibl$Z2$F257693 $81 961 $aOmaggio editore 996 $6020$a979-12-81351-74-5$9(OLS)http://semarc/number/305508 996 $6245$aAraba Fenice :$bantologia poetica$9(OLS)http://semarc/title/458648 996 $6264$aMilano :$bGuido Miano$9(OLS)http://semarc/publisher/35316